[Event "Eq:Pirates du Mat-Les Gens du Sud :"]
[Site "www.echecsemail.com"]
[Date "2026.02.01"]
[Round "1"]
[White "Nuageblanc"]
[Black "Degun"]
[WhiteElo "1550"]
[BlackElo "1920"]
[Result "0-1"]
1.e4 e5
2.Bf1c4 Ng8f6
3.d3 d5
4.exd5 Nf6xd5
5.Ng1f3 Bc8g4
6.a3 Nb8c6
7.Bc4a2 Nc6d4
8.Nb1d2 Nd4xf3
9.Nd2xf3 c6
10.h3 Bg4h5
11.O-O Bf8d6
12.g4 Bh5g6
13.Rf1e1 O-O
14.Bc1d2 Bd6c7
15.Nf3xe5 Qd8d6
16.Ba2xd5 cxd5
17.Ne5f3 f5
18.Bd2b4 Qd6f4
19.Bb4xf8 Ra8xf8
20.Qd1e2 fxg4
21.Qe2e6 Bg6f7
22.Qe6xg4 Qf4d6
23.Re1e5 Bf7g6
24.Ra1e1 Qd6c5
25.Re5e2 d4
26.Qg4xd4 Qc5h5
27.Qd4c4 Kh8
28.Qc4xc7 Qh5xf3
29.Qc7g3 Qf3c6
30.Qg3e3 Bg6h5
31.Re2d2 Rf8e8
32.Qe3xe8 Bh5xe8
33.c3 Kg8
34.d4 Be8d7
35.Re1e3 Qc6g6
36.Re3g3 Qg6h6
37.Rd2e2 Bd7c6
38.Kh2 Qh6h5
39.Re2e5 Qh5d1
40.Rg3g1 Qd1d2
41.Kg3 Qd2xb2
42.d5 Bc6d7
43.Re5e3 Qb2xa3
44.c4 Qa3d6
45.Kg2 b5
46.cxb5 Qd6xd5
47.Kh2 Qd5xb5
48.Re3e7 Qb5b8
49.Kg2 Bd7c6
50.Kf1 Qb8b1
51.Ke2 Qb1xg1
{ abandon }0-1

[Event "DOUKIPUDONKTAN"]
[Site "www.echecsemail.com"]
[Date "2026.02.01"]
[Round "1"]
[White "Woluwe1975"]
[Black "Mindthegap"]
[WhiteElo "1650"]
[BlackElo "1460"]
[Result "0-1"]
1.e4 e5
2.Ng1f3 Ng8f6
3.Nf3xe5 d6
4.Ne5f3 Nf6xe4
5.Qd1e2 Qd8e7
6.d4 d5
7.Bc1e3 Nb8c6
8.c3 Bc8g4
9.Nb1d2 f5
10.h3 Bg4h5
11.Qe2d3 f4
12.Qd3xe4 dxe4
13.Bf1e2 fxe3
14.fxe3 exf3
15.Nd2xf3 Bh5xf3
16.Be2xf3 Qe7xe3
17.Kf1 O-O-O
18.Ra1e1 Qe3d3
19.Kg1 Qd3d2
20.Re1e2 Qd2c1
21.Kh2 Bf8d6
22.g3 Bd6xg3
23.Kxg3 Qc1g5
24.Bf3g4 Kb8
25.h4 Qg5g6
26.h5 Qg6d3
27.Bg4f3 Rh8f8
28.Rh1f1 Rf8xf3
29.Rf1xf3 Qd3xe2
{ abandon }0-1

[Event "Défi"]
[Site "www.echecsemail.com"]
[Date "2026.02.01"]
[Round "1"]
[White "Tootsienet"]
[Black "Marcgagnon5678"]
[WhiteElo "1110"]
[BlackElo "999"]
[Result "1-0"]
1.e4 e5
2.Ng1f3 Nb8c6
3.c3 Ng8f6
4.a3 h5
5.g3 d6
6.Bf1g2 Bc8g4
7.O-O h4
8.gxh4 Nf6xe4
9.Qd1e1 Bg4f5
10.d3 d5
11.Nb1d2 Ne4d6
12.Nf3g5 Bf5xd3
13.Bg2xd5  { temps }1-0

[Event "Tournoi n27257"]
[Site "www.echecsemail.com"]
[Date "2026.02.01"]
[Round "1"]
[White "Jerem51"]
[Black "Chomi64"]
[WhiteElo "1959"]
[BlackElo "1840"]
[Result "1-0"]
1.d4 e5
2.dxe5 Nb8c6
3.Ng1f3 Qd8e7
4.Nb1c3 Nc6xe5
5.Bc1f4 Ne5xf3
6.gxf3 Qe7b4
7.Qd1d2 Qb4xb2
8.Ra1b1 Qb2a3
9.Nc3b5 Qa3xa2
10.Nb5xc7 Kd8
11.Rb1d1 Ra8b8
12.Qd2c3 Qa2a4
13.Nc7d5 Rb8a8
14.Qc3c7 Ke8
15.Qc7e5 Bf8e7
16.Qe5xg7 Qa4a5
17.c3 Be7f6
18.Nd5xf6 Ke7
19.Bf4d6 { abandon }1-0

[Event "Transval"]
[Site "www.echecsemail.com"]
[Date "2026.02.01"]
[Round "1"]
[White "4x4"]
[Black "Cramsnellac"]
[WhiteElo "1460"]
[BlackElo "1700"]
[Result "1-0"]
1.e4 d6
2.Ng1f3 Ng8f6
3.d3 g6
4.Bc1g5 Nb8d7
5.Qd1d2 Bf8g7
6.Bg5h6 O-O
7.Nb1c3 c6
8.O-O-O b5
9.Bf1e2 Qd8b6
10.g3 Bg7xh6
11.Qd2xh6 Nf6g4
12.Qh6d2 Ng4xf2
13.h4 Nf2xd1
14.Nc3xd1 h5
15.b3 Nd7f6
16.Qd2e3 Qb6xe3
17.Nd1xe3 a5
18.Kd2 b4
19.Rh1c1 c5
20.Ne3d5 Nf6xd5
21.exd5 Bc8b7
22.c4 bxc3
23.Rc1xc3 Bb7xd5
24.Nf3g5 f6
25.Ng5h3 e5
26.Nh3f2  { temps }1-0

[Event "Coupe Niveau 5"]
[Site "www.echecsemail.com"]
[Date "2026.02.01"]
[Round "1"]
[White "Carrighir"]
[Black "Morice"]
[WhiteElo "2100"]
[BlackElo "1880"]
[Result "1-0"]
1.e4 c5
2.d4 cxd4
3.c3 dxc3
4.Nb1xc3 e6
5.Bf1c4 a6
6.Ng1f3 Nb8c6
7.O-O Bf8e7
8.Qd1e2 Qd8c7
9.e5 b5
10.Bc4xb5 axb5
11.Nc3xb5 Qc7d8
12.Rf1d1 Bc8a6
13.a4 f6
14.Qe2e4 fxe5
15.Nf3xe5 Nc6xe5
16.Qe4xe5 Ba6xb5
17.Qe5xb5 Qd8a5
18.Qb5xd7 Kf7
19.Bc1d2 Qa5a7
20.Bd2e3 Qa7xd7
21.Rd1xd7 Ng8f6
22.Rd7b7 Ra8d8
23.a5 Nf6d5
24.Be3g5 h6
25.Bg5xe7 Nd5xe7
26.b4 Rd8d4
27.a6 Rh8d8
28.Kf1 Kf6
29.a7 Rd4d1
30.Ra1xd1 Rd8xd1
31.Ke2 Rd1a1
32.b5 Ne7d5
33.Kd3  { temps }1-0

[Event "Suisse Sep25 R9"]
[Site "www.echecsemail.com"]
[Date "2026.02.01"]
[Round "1"]
[White "Alizarine"]
[Black "Bjl"]
[WhiteElo "2530"]
[BlackElo "2060"]
[Result "1-0"]
1.e4 d5
2.exd5 Qd8xd5
3.Nb1c3 Qd5a5
4.Bf1c4 Ng8f6
5.d3 Bc8g4
6.f3 Bg4h5
7.g4 Bh5g6
8.f4 e6
9.Bc1d2 c6
10.Qd1e2 Bf8e7
11.O-O-O Qa5c7
12.Rd1e1 Kf8
13.h3 Be7d6
14.f5 exf5
15.g5 Bg6h5
16.Ng1f3 Bh5xf3
17.Qe2xf3 Nf6d7
18.Qf3xf5 Nd7e5
19.Re1xe5 Bd6xe5
20.Rh1e1 f6
21.gxf6 Be5xf6
22.Nc3b5 { abandon }1-0

[Event "Défi"]
[Site "www.echecsemail.com"]
[Date "2026.02.01"]
[Round "1"]
[White "Arno"]
[Black "Chomi64"]
[WhiteElo "1800"]
[BlackElo "1860"]
[Result "1/2-1/2"]
1.d4 e5
2.dxe5 Nb8c6
3.Ng1f3 Qd8e7
4.Nb1d2 Nc6xe5
5.Nf3xe5 Qe7xe5
6.Nd2f3 Qe5d6
7.Qd1xd6 Bf8xd6
8.e4 f6
9.Bc1d2 b6
10.Bf1c4 Bc8b7
11.Bc4d5 c6
12.Bd5b3 c5
13.Bb3d5 Bb7xd5
14.exd5 b5
15.O-O Ng8e7
16.Rf1e1 Kf7
17.Bd2a5 Rh8e8
18.Ra1d1 Ne7f5
19.Re1xe8 Ra8xe8
20.Ba5d2 Re8e2
21.Kf1 Re2e8
22.b3 Re8e4
23.Bd2c1 Nf5h4
24.Nf3xh4 Re4xh4
25.h3 Rh4e4
26.Bc1e3 Ke7
27.Rd1e1 Kf7
28.Re1c1 h6
29.c4 b4
30.Ke2 Bd6f4
31.Kf3 Bf4xe3
32.Kxe4 Be3xc1
33.f4 g6
34.g4 d6
35.h4 g5
36.hxg5 hxg5
37.f5 Ke7
38.Kd3 Kd7
39.Ke4 Kc7
40.Kd3 a5
41.Kc2 Bc1f4
42.Kd3 Kb6
43.Kc2 { nul }1/2-1/2

[Event "Défi"]
[Site "www.echecsemail.com"]
[Date "2026.02.01"]
[Round "1"]
[White "Cloclo"]
[Black "Superman"]
[WhiteElo "1880"]
[BlackElo "1780"]
[Result "0-1"]
1.c4 e5
2.g3 Bf8c5
3.Bf1g2 Ng8f6
4.Nb1c3 c6
5.e3 d5
6.b3 d4
7.exd4 Bc5xd4
8.Ra1b1 Bc8f5
9.Rb1b2 O-O
10.Ng1f3 Bf5d3
11.Nf3xd4 exd4
12.Nc3e4 Nf6xe4
13.Bg2xe4 Bd3xe4
14.O-O c5
15.d3 Be4c6
16.Rb2e2 Bc6f3
{ abandon }0-1

[Event "Eq:Pirates du Mat-Vikings :"]
[Site "www.echecsemail.com"]
[Date "2026.02.01"]
[Round "1"]
[White "Sp52"]
[Black "Viv59"]
[WhiteElo "2420"]
[BlackElo "2300"]
[Result "1-0"]
1.e4 d6
2.d4 Ng8f6
3.Nb1c3 e5
4.Ng1f3 Nb8d7
5.Bf1c4 Bf8e7
6.O-O O-O
7.Rf1e1 c6
8.h3 b5
9.Bc4f1 Bc8b7
10.Bc1g5 a6
11.Qd1d2 Rf8e8
12.Ra1d1 Qd8c7
13.dxe5 Nd7xe5
14.Nf3d4 Ra8d8
15.f3 Bb7c8
16.a3 Nf6h5
17.Bg5xe7 Re8xe7
18.f4 Ne5g6
19.g4 Nh5f6
20.Bf1g2 Ng6h4
21.Bg2h1 c5
22.Nd4xb5 axb5
23.e5 Nf6e8
24.Nc3d5 Qc7a7
25.Nd5xe7 Qa7xe7
26.exd6 Qe7f8
27.Qd2f2 g5
28.Qf2xc5 Ne8xd6
29.Qc5xg5 Nh4g6
30.Qg5f6 Nd6b7
31.b4 Rd8e8
32.f5 Ng6e7
33.Qf6g5 Kh8
34.Bh1xb7 Bc8xb7
35.f6 { abandon }1-0

[Event "Défi"]
[Site "www.echecsemail.com"]
[Date "2026.02.01"]
[Round "1"]
[White "4x4"]
[Black "Roger72"]
[WhiteElo "1460"]
[BlackElo "1300"]
[Result "1-0"]
1.e4 e5
2.f4 f5
3.d3 fxe4
4.fxe5 exd3
5.cxd3 d5
6.d4 Nb8c6
7.Bc1e3 Bc8f5
8.Bf1d3 Bf8b4
9.Nb1c3 Qd8e7
10.Bd3xf5 g6
11.Bf5g4 h5
12.Bg4f3 O-O-O
13.Qd1d2 h4
14.g3 hxg3
15.h3 g5
16.O-O-O g4
17.Bf3xg4 Kb8
18.a3 Bb4xa3
19.bxa3 Qe7xa3
20.Qd2b2 Qa3a5
21.Kd2 Ng8e7
22.Ng1f3 Nc6b4
23.Ke2 Ne7c6
24.Rh1g1 Qa5a6
25.Kd2 Qa6d3
26.Ke1 Nb4c2
27.Qb2xc2 Qd3xc2
28.Nc3e2 Qc2c3
29.Be3d2 Qc3d3
30.Rg1xg3 Qd3a6
31.Kf2 Rd8f8
32.Bg4d7 Nc6e7
33.Ke3 c6
34.e6 Qa6a3
35.Kf2 { abandon }1-0

[Event "Défi"]
[Site "www.echecsemail.com"]
[Date "2026.02.01"]
[Round "1"]
[White "Verson"]
[Black "Arno"]
[WhiteElo "1850"]
[BlackElo "1770"]
[Result "1-0"]
1.d4 Ng8f6
2.Ng1f3 d5
3.e3 c5
4.c3 Nb8c6
5.Bf1d3 Bc8g4
6.Nb1d2 e6
7.O-O Bf8d6
8.h3 Bg4h5
9.b3 O-O
10.Qd1c2 Ra8c8
11.Bc1b2 Bh5xf3
12.Nd2xf3 cxd4
13.exd4 Nc6b4
14.Qc2d2 Nb4xd3
15.Qd2xd3 Nf6e4
16.c4 Bd6b8
17.Ra1c1 Bb8f4
18.Rc1c2 Qd8c7
19.Rf1c1 Bf4xc1
20.Bb2xc1 Qc7a5
21.Nf3d2 Ne4xd2
22.Bc1xd2 Qa5c7
23.c5 b6
24.b4 bxc5
25.Rc2xc5 Qc7b7
26.a3 Rc8c7
27.Rc5xc7 Qb7xc7
28.Qd3c3 Qc7xc3
29.Bd2xc3 Rf8c8
30.Bc3d2 Rc8c2
31.Bd2e3 Rc2c3
32.a4 Kf8
33.Kf1 Ke7
34.a5 Kd6
35.Ke2 Kc6
36.Be3d2 Rc3c2
37.Kd3 Rc2xd2
38.Kxd2 Kb5
39.Kc3 Ka4
40.f4 a6
41.g3 h5
42.g4 hxg4
43.hxg4 Ka3
44.f5 exf5
45.b5 fxg4
46.Kd2 f5
47.b6 { abandon }1-0

[Event "OAHU 2"]
[Site "www.echecsemail.com"]
[Date "2026.02.01"]
[Round "1"]
[White "Tartu"]
[Black "Yab414"]
[WhiteElo "1730"]
[BlackElo "1640"]
[Result "0-1"]
1.e4 e5
2.Ng1f3 Nb8c6
3.d4 exd4
4.Nf3xd4 Nc6xd4
5.Qd1xd4 Qd8f6
6.Bc1e3 Qf6xd4
7.Be3xd4 b6
8.Nb1c3 Bc8b7
9.Bf1d3 f6
10.O-O Bf8b4
11.a3 Bb4xc3
12.Bd4xc3 O-O-O
13.b4 Ng8e7
14.Rf1e1 Ne7g6
15.g3 Ng6e5
16.Ra1d1 Ne5xd3
17.cxd3 d6
18.d4 Rh8e8
19.f3 g6
20.d5 Re8f8
21.a4 a6
22.h4 h5
23.Kh2 b5
24.axb5 axb5
25.Bc3d4 Kd7
26.Kh3 Ke7
27.f4 Rd8a8
28.Rd1a1 Bb7c8
29.f5 Ra8xa1
30.Re1xa1 gxf5
31.exf5 Bc8xf5
32.Kh2 Rf8g8
33.Ra1a7 Kd7
34.Bd4xf6 Rg8g4
35.Bf6c3 Rg4c4
36.Bc3e1 Rc4c2
37.Kg1 Rc2c1
38.Kf2 Bf5g4
39.Ra7b7 Rc1c2
40.Kg1 Rc2c1
41.Kf2 Rc1c2
42.Ke3 Rc2e2
43.Kf4 Re2xe1
44.Rb7xb5 Re1c1
45.Ke3 Rc1c3
46.Kf4 Rc3c4
47.Kg5 Bg4e2
48.Rb5b8 Rc4d4
49.b5 Rd4xd5
50.Kg6 Be2xb5
51.Rb8h8 Kc6
{ abandon }0-1

[Event "Tournoi n27407"]
[Site "www.echecsemail.com"]
[Date "2026.02.01"]
[Round "1"]
[White "Zadkine1"]
[Black "Verson"]
[WhiteElo "1700"]
[BlackElo "1820"]
[Result "1-0"]
1.d4 d5
2.Nb1c3 Ng8f6
3.Bc1f4 e6
4.a3 c6
5.e3 Bf8d6
6.Bf4xd6 Qd8xd6
7.Bf1d3 Nb8d7
8.Ng1f3 O-O
9.O-O e5
10.dxe5 Nd7xe5
11.Nf3xe5 Qd6xe5
12.Rf1e1 Bc8f5
13.Bd3xf5 Qe5xf5
14.Nc3e2 Rf8e8
15.Ne2g3 Qf5g6
16.c3 Re8e6
17.Qd1b3 b6
18.Ra1d1 Nf6e4
19.Ng3xe4 Re6xe4
20.Rd1d2 Ra8e8
21.Re1d1 h5
22.Qb3c2 h4
23.h3 Re8e6
24.f3 Qg6g3
25.fxe4 Re6xe4
26.Rd2d4 Qg3xe3
27.Kh1 { abandon }1-0

[Event "Défi( 10J+24H/c 10J Max )"]
[Site "www.echecsemail.com"]
[Date "2026.02.01"]
[Round "1"]
[White "Whisky"]
[Black "Scipio"]
[WhiteElo "1320"]
[BlackElo "1380"]
[Result "1-0"]
1.Ng1f3 Nb8c6
2.g3 e5
3.Bf1g2 d6
4.e4 f5
5.d3 Bc8e6
6.Nb1c3 a6
7.Bc1g5 Ng8f6
8.exf5 Be6xf5
9.h3 h6
10.Bg5xf6 Qd8xf6
11.Nc3e4 Qf6e6
12.Ne4c5 dxc5
13.O-O O-O-O
14.g4 Bf5g6
15.b3 e4
16.Nf3h2 Bf8e7
17.Qd1e2 h5
18.f3 hxg4
19.Nh2xg4 Nc6d4
20.Qe2d2 Rh8h5
21.fxe4 Be7g5
22.Qd2c3 b6
23.e5 a5
24.Qc3c4 Rd8e8
25.Qc4a6 Kd7
26.Qa6c4 Bg5h4
27.Qc4xe6 Re8xe6
28.Rf1f8 Nd4f3
29.Bg2xf3 Bh4g3
30.Rf8g8 Bg3f4
31.Ng4f6 Ke7
32.Nf6xh5 Bf4d2
33.Rg8xg7 Kd8
34.Rg7g8 Ke7
35.Bf3g4 Re6c6
36.Rg8g7 Kf8
37.e6 Bd2c3
38.Ra1f1 Ke8
39.Rg7xg6 c4
40.Rg6g8 Ke7
41.Rf1f7 Kd6
42.Rf7d7 Kc5
43.e7 b5
44.e8Q cxb3
45.Qe8e7 Kb6
46.Rg8b8 Ka7
47.Rd7xc7 Rc6xc7
48.Qe7xc7 Ka6
49.Qc7b6 1-0

[Event "Eq:Avalon-Les Gens du Sud :"]
[Site "www.echecsemail.com"]
[Date "2026.02.01"]
[Round "1"]
[White "Pourquoipas"]
[Black "Emmanuel69"]
[WhiteElo "1630"]
[BlackElo "1820"]
[Result "1-0"]
1.f4 f5
2.Ng1f3 Ng8f6
3.e3 e6
4.b3 b6
5.Bc1b2 Bc8b7
6.Bf1e2 Nb8c6
7.O-O Bf8e7
8.Qd1e1 O-O
9.Be2c4 Nf6e4
10.d3 Ne4f6
11.Nf3h4 d5
12.Bc4b5 a6
13.Bb5xc6 Bb7xc6
14.Bb2d4 Bc6b7
15.Nb1d2 Nf6g4
16.Nd2f3 Be7xh4
17.Nf3xh4 Ng4f6
18.Qe1g3 Qd8e7
19.h3 Nf6h5
20.Qg3g5 Qe7xg5
21.fxg5 g6
22.Bd4e5 Rf8f7
23.Rf1f3 d4
24.Rf3f2 dxe3
25.Rf2e2 f4
26.Ra1f1 Nh5g3
27.Re2e1 Ng3xf1
28.Re1xf1 Ra8f8
29.Nh4f3 c5
30.d4 Bb7xf3
31.Rf1xf3 cxd4
32.Be5xd4 b5
33.h4 Rf7f5
34.Bd4f6 Rf8c8
35.c3 Rc8xc3
36.Bf6xc3 { abandon }1-0

[Event "Défi( 10J+24H/c 10J Max )"]
[Site "www.echecsemail.com"]
[Date "2026.02.01"]
[Round "1"]
[White "Plecocq357"]
[Black "Bibisept"]
[WhiteElo "1890"]
[BlackElo "1970"]
[Result "0-1"]
1.e4 c6
2.d4 d5
3.e5 Bc8f5
4.Nb1c3 e6
5.a3 c5
6.Bc1e3 cxd4
7.Be3xd4 Nb8c6
8.Ra1c1 b6
9.Bf1b5 Qd8c7
10.h3 Bf8c5
11.Ng1f3 Ng8e7
12.O-O O-O
13.Rf1e1 Ne7g6
14.Bb5xc6 Qc7xc6
15.Qd1d2 a5
16.Rc1b1 Rf8d8
17.b4 axb4
18.axb4 Bc5e7
19.Qd2e2 Ng6f8
20.b5 Qc6c4
21.Qe2xc4 dxc4
22.Bd4xb6 Rd8d7
23.Nf3d4 Ra8a3
24.Nc3e2 Bf5g6
25.f4 Rd7b7
26.Nd4c6 Be7h4
27.Bb6c5 Bh4xe1
28.Bc5xa3 Be1d2
29.Rb1b2 c3
30.Rb2a2 Rb7xb5
31.Ba3xf8 Bg6xc2
32.Ra2xc2 Rb5b2
33.Nc6d4 Kxf8
34.g3 Ke7
35.Kf2 f6
36.Kf3 fxe5
37.fxe5 g5
38.h4 gxh4
39.gxh4 h5
40.Kf2 Rb2b1
41.Ne2f4 Bd2xf4
42.Nd4c6 Kf7
43.Rc2xc3 Rb1c1
44.Rc3f3 Rc1c4
45.Ke2 Kg7
46.Kd3 Rc4a4
47.Nc6d4 Bf4xe5
48.Nd4xe6 Kh6
49.Rf3f5 Be5g3
50.Rf5f6 Kh7
51.Ne6g5 Kg7
52.Rf6c6 Ra4xh4
53.Ng5e6 Kg8
54.Ke2 Rh4g4
55.Kf3 Rg4g6
56.Rc6c5 h4
57.Ne6g5 Kg7
58.Kg4 Rg6a6
59.Ng5f3 Kf6
60.Rc5h5 Ra6a4
61.Kh3 Kg6
62.Rh5g5 Kh6
63.Rg5g4 Ra4a3
64.Nf3xh4 Bg3e1
65.Kh2 Kh5
66.Nh4g2 Kxg4
67.Ng2xe1 Ra3a2
68.Kg1 Kg3
69.Ne1d3 Ra2a1
{ abandon }0-1

[Event "Coupe Niveau 3"]
[Site "www.echecsemail.com"]
[Date "2026.02.01"]
[Round "1"]
[White "Patau"]
[Black "Verson"]
[WhiteElo "1710"]
[BlackElo "1840"]
[Result "0-1"]
1.e4 e6
2.d4 d5
3.exd5 exd5
4.Bf1d3 Ng8f6
5.h3 Bf8e7
6.Qd1f3 O-O
7.Ng1e2 Rf8e8
8.O-O Bc8e6
9.Bc1g5 h6
10.Bg5xf6 Be7xf6
11.Nb1d2 Nb8d7
12.Ne2f4 Nd7f8
13.Nf4xe6 Nf8xe6
14.c3 Ne6g5
15.Qf3g4 Qd8c8
16.Ra1e1 Qc8xg4
17.hxg4 Kf8
18.Nd2f3 Ng5e4
19.Re1e3 Ne4g5
20.Rf1e1 Ng5xf3
21.gxf3 Re8xe3
22.Re1xe3 Ra8e8
23.Re3xe8 Kxe8
24.f4 Kd7
25.Bd3f5 Kd6
26.Kg2 c5
27.dxc5 Kxc5
28.Kf3 g6
29.Bf5d3 b5
30.Ke3 a5
31.a4 bxa4
32.f5 gxf5
33.Bd3xf5 Kc4
34.Bf5c2 Bf6g5
35.Ke2 a3
36.bxa3 Kxc3
37.Bc2d3 Kb3
38.Bd3f5 Kxa3
39.Bf5d7 Kb4
40.Kd3 a4
41.Bd7xa4 Kxa4
42.Kd4 Kb5
43.Kxd5 f6
44.Ke6 Kc6
45.f3 Kc5
{ abandon }0-1

[Event "Défi"]
[Site "www.echecsemail.com"]
[Date "2026.02.01"]
[Round "1"]
[White "Gambitor"]
[Black "Tiounet"]
[WhiteElo "1530"]
[BlackElo "1570"]
[Result "0-1"]
1.d4 b5
2.e4 Bc8b7
3.Nb1d2 a6
4.Ng1f3 Ng8f6
5.e5 Nf6d5
6.Bf1d3 g6
7.O-O Bf8g7
8.Nd2e4 O-O
9.Rf1e1 d6
10.a4 dxe5
11.dxe5 b4
12.Ne4c5 Bb7c6
13.Nf3d4 e6
14.Nd4xc6 Nb8xc6
15.Nc5e4 a5
16.Bc1g5 Qd8b8
17.Ne4c5 Qb8c8
18.Bd3b5 Nc6xe5
19.Bb5e2 Ne5d7
20.c4 Nd7xc5
21.cxd5 Bg7xb2
22.Ra1a2 Bb2c3
23.Re1f1 e5
24.Ra2c2 Bc3d4
25.Bg5e7 Nc5xa4
26.Be7xf8 Kxf8
27.Qd1c1 Na4c3
28.Be2f3 Ra8a6
29.Qc1h6 Kg8
30.Rf1e1 Ra6d6
31.Qh6h4 Nc3xd5
32.Bf3g4 f5
33.Bg4f3 Nd5c3
34.Rc2d2 e4
35.Bf3e2 Bd4xf2
36.Qh4xf2 Rd6xd2
37.Be2c4 Rd2d5
38.Bc4xd5 Nc3xd5
39.Qf2c5 c6
40.Qc5xa5 Qc8c7
41.Qa5a2 Qc7b6
42.Kh1 Kg7
43.Qa2b2 Kh6
44.Qb2b3 Qb6f2
45.Qb3b1 c5
46.Re1f1 Qf2e3
47.Rf1e1 Qe3c3
48.Re1c1 Qc3d4
49.Rc1d1 Qd4e5
50.Qb1b3 Nd5f4
51.g3 Nf4d3
52.h3 Nd3f2
53.Kg1 Nf2xd1
54.Qb3xd1 Qe5xg3
55.Kh1 Qg3f3
56.Qd1xf3 exf3
{ abandon }0-1

[Event "Tournoi n27425"]
[Site "www.echecsemail.com"]
[Date "2026.02.01"]
[Round "1"]
[White "Katastrofic"]
[Black "Jlr"]
[WhiteElo "1370"]
[BlackElo "1430"]
[Result "1-0"]
1.e4 e5
2.Bf1c4 Ng8f6
3.d3 h6
4.h3 Bf8c5
5.Ng1f3 d6
6.O-O g5
7.a3 g4
8.hxg4 Nf6xg4
9.Qd1e2 b6
10.b4 Ng4xf2
11.Rf1xf2 Bc5xf2
12.Kxf2 c6
13.Bc1e3 b5
14.Bc4b3 Bc8g4
15.Nb1d2 Bg4xf3
16.Qe2xf3 Qd8h4
17.Ke2 Qh4h2
18.Qf3xf7 Kd8
19.Qf7f6 Kc7
20.Qf6xh8 Qh2xg2
21.Be3f2 Qg2g4
22.Ke1 Qg4h3
23.Qh8g7 Nb8d7
24.Qg7g1 d5
25.exd5 Nd7f6
26.dxc6 Kxc6
27.Qg1g6 Ra8f8
28.Qg6g7 Qh3h1
29.Nd2f1 Rf8d8
30.Qg7xf6 Rd8d6
31.Qf6xe5 Kc7
32.Qe5c5 Kd7
33.Qc5xb5 Ke7
34.Bf2c5 Qh1c6
35.Qb5xc6 { abandon }1-0

[Event "ANGOULEME"]
[Site "www.echecsemail.com"]
[Date "2026.02.01"]
[Round "1"]
[White "Petitlulu64"]
[Black "Mindthegap"]
[WhiteElo "1690"]
[BlackElo "1450"]
[Result "1-0"]
1.e4 e5
2.Ng1f3 Ng8f6
3.Nf3xe5 d6
4.Ne5f3 Nf6xe4
5.d3 Ne4f6
6.Bc1g5 h6
7.Bg5h4 g5
8.Bh4g3 Bf8g7
9.h3 Nf6h5
10.Bg3h2 Bg7xb2
11.Nb1d2 Bb2xa1
12.Qd1xa1 O-O
13.Bf1e2 Rf8e8
14.Nd2e4 Nb8c6
15.O-O d5
16.Ne4g3 Nh5xg3
17.Bh2xg3 Nc6e7
18.Nf3h2 Ne7c6
19.Be2h5 Bc8e6
20.Qa1b1 Nc6d4
21.Bg3e5 Nd4e2
22.Bh5xe2 g4
23.Qb1xb7 gxh3
24.Be2f3 hxg2
25.Bf3xg2 Qd8g5
26.Qb7xc7 Be6h3
27.Be5g3 Bh3xg2
28.Kxg2 d4
29.Nh2f3 Re8e6
30.Nf3xg5 { abandon }1-0

[Event "Coupe Niveau 2"]
[Site "www.echecsemail.com"]
[Date "2026.02.01"]
[Round "1"]
[White "Jeff75019"]
[Black "Panchoa"]
[WhiteElo "1470"]
[BlackElo "1610"]
[Result "1-0"]
1.e4 e5
2.Ng1f3 Ng8f6
3.Bf1c4 h6
4.Nf3xe5 d5
5.exd5 Nf6xd5
6.Qd1e2 Bc8e6
7.Qe2h5 c6
8.O-O Nd5f4
9.Qh5f3 g5
10.Bc4xe6 fxe6
11.d3 Qd8d4
12.Bc1xf4 gxf4
13.Qf3h5 Ke7
14.Ne5g6 Kd6
15.Ng6xh8 Qd4xb2
16.Nb1d2 Qb2xc2
17.Nd2c4 Kc7
18.Qh5f7 Nb8d7
19.Nc4e5 Ra8d8
20.Nh8g6 Bf8d6
21.d4 Qc2e4
22.Ra1d1 Qe4f5
23.Qf7g7 Qf5e4
24.Qg7xh6 Rd8g8
25.Qh6h7 f3
26.Qh7xd7 { abandon }1-0

[Event "Coupe Niveau 6"]
[Site "www.echecsemail.com"]
[Date "2026.02.01"]
[Round "1"]
[White "Breitenbach"]
[Black "Zax"]
[WhiteElo "2250"]
[BlackElo "2280"]
[Result "0-1"]
1.e4 d5
2.exd5 Qd8xd5
3.Nb1c3 Qd5d6
4.d4 Ng8f6
5.Ng1e2 Bc8g4
6.f3 Bg4f5
7.Bc1f4 Qd6d7
8.Qd1d2 Nb8c6
9.a3 e6
10.O-O-O O-O-O
11.Bf4e3 h5
12.Ne2g3 Bf5h7
13.Ng3e4 Bf8e7
14.Bf1b5 a6
15.Bb5a4 b5
16.Ba4b3 Nc6a5
17.Bb3a2 Qd7c6
18.Ne4xf6 Be7xf6
19.Nc3e4 Na5c4
20.Ba2xc4 Qc6xc4
21.Ne4xf6 gxf6
22.b3 Qc4c6
23.Kb2 Rh8g8
24.Qd2e2 Kb7
25.Rd1c1 e5
26.Rh1d1 Qc6e6
27.Qe2f2 Rd8d7
28.c4 c6
29.g3 Rg8d8
30.Rd1d2 f5
31.f4 exd4
32.Rd2xd4 Qe6f6
{ abandon }0-1

[Event "La Diagonale du fou 9"]
[Site "www.echecsemail.com"]
[Date "2026.02.01"]
[Round "1"]
[White "Foxie519"]
[Black "Gimick"]
[WhiteElo "1710"]
[BlackElo "1540"]
[Result "0-1"]
1.e4 e5
2.d3 Bf8c5
3.g3 d6
4.h3 Nb8c6
5.c3 h6
6.Bf1g2 Ng8f6
7.Ng1f3 d5
8.Qd1e2 dxe4
9.dxe4 a6
10.O-O O-O
11.b3 Bc8e6
12.Nb1d2 Qd8d7
13.g4 b5
14.Nf3h2 b4
15.Bc1b2 bxc3
16.Bb2xc3 Bc5d4
17.Bc3xd4 Nc6xd4
18.Qe2d1 Rf8d8
19.Qd1b1 Nd4e2
20.Kh1 Qd7xd2
21.Nh2f3 Qd2f4
22.Qb1c2 Ne2d4
23.Nf3xd4 Rd8xd4
24.f3 h5
25.Ra1d1 Ra8d8
26.Rd1xd4 exd4
27.Rf1d1 hxg4
28.fxg4 Be6c8
29.Rd1f1 Qf4d6
30.Qc2d3 Bc8b7
31.Kg1 Rd8e8
32.e5 Qd6b6
33.exf6 g6
34.Bg2xb7 Qb6xb7
35.Qd3xd4 Re8e2
36.Rf1f2 Re2e1
37.Kh2 Qb7h1
38.Kg3 g5
39.Qd4d2 Qh1g1
40.Rf2g2 Re1e3
41.Qd2xe3 Qg1xe3
42.Kh2 Qe3f4
43.Kh1 Qf4xf6
44.Rg2g1 Qf6f3
45.Kh2 Qf3f2
46.Rg1g2 Qf2c5
47.Kh1 Qc5a3
48.Kh2 Qa3d6
49.Kh1 c5
50.Kg1 Qd6d3
51.Kh2 Qd3f1
52.Rg2g1 Qf1f4
53.Kh1 Kf8
54.Rg1g2 Ke7
55.Kg1 Ke6
56.Kh1 Ke5
57.Kg1 f5
58.gxf5 Qf4xf5
59.Kh2 Qf5f4
60.Kg1 Kd4
61.Kh1 Kc3
62.Kg1 Kb4
63.Kh1 Ka3
64.Kg1 Qf4c1
65.Kh2 a5
66.Kg3 Qc1f4
0-1

[Event "Coupe Niveau 4"]
[Site "www.echecsemail.com"]
[Date "2026.02.01"]
[Round "1"]
[White "Verson"]
[Black "Nemesis"]
[WhiteElo "1820"]
[BlackElo "2119"]
[Result "0-1"]
1.d4 Ng8f6
2.Ng1f3 e6
3.e3 d5
4.Bf1d3 b6
5.Nb1d2 Bc8b7
6.O-O Nb8d7
7.c3 Bf8d6
8.Rf1e1 Nf6e4
9.Qd1c2 f5
10.c4 O-O
11.b3 g5
12.Bc1b2 g4
13.Nf3e5 Ne4xd2
14.Qc2xd2 Bd6xe5
15.dxe5 Nd7c5
16.Bd3e2 Nc5e4
17.Qd2d4 c5
18.Qd4d1 Qd8h4
19.g3 Qh4h6
20.cxd5 Ne4xf2
21.Qd1c2 Nf2h3
22.Kf1 Qh6xe3
{ abandon }0-1

[Event "Tournoi n27407"]
[Site "www.echecsemail.com"]
[Date "2026.02.01"]
[Round "1"]
[White "Verson"]
[Black "Legrillon"]
[WhiteElo "1840"]
[BlackElo "1750"]
[Result "1-0"]
1.d4 d5
2.Ng1f3 Nb8c6
3.e3 Bc8g4
4.Nb1d2 a6
5.c3 Ng8f6
6.Bf1d3 e6
7.e4 dxe4
8.Nd2xe4 Nf6d5
9.h3 Bg4h5
10.O-O f5
11.Ne4g5 Qd8d6
12.Qd1e2 Bh5xf3
13.Ng5xf3 O-O-O
14.Nf3e5 Nc6xe5
15.dxe5 Qd6d7
16.Bc1g5 Rd8e8
17.Ra1d1 h6
18.Bg5c1 g5
19.c4 Nd5b4
20.Bd3xf5 Qd7e7
21.a3 Nb4c6
22.Bf5c2 Bf8g7
23.f4 gxf4
24.Bc1xf4 Re8f8
25.Bc2a4 Nc6a7
26.Bf4e3 c5
27.Rd1d7 Rf8xf1
28.Qe2xf1 Qe7f8
29.Rd7f7 Qf8g8
30.Be3xc5 Kb8
31.Qf1f3 Qg8c8
32.Bc5xa7 Kxa7
33.Ba4c6 Kb6
34.c5 Ka7
35.Rf7xb7 { abandon }1-0

[Event "Défi"]
[Site "www.echecsemail.com"]
[Date "2026.02.01"]
[Round "1"]
[White "Arno"]
[Black "Khamis"]
[WhiteElo "1740"]
[BlackElo "1920"]
[Result "0-1"]
1.d4 d5
2.Bc1f4 Ng8f6
3.e3 Bc8f5
4.c4 c6
5.Qd1b3 Qd8b6
6.Nb1d2 e6
7.Ng1f3 Bf8e7
8.Nf3e5 O-O
9.Nd2f3 Be7b4
10.Kd1 Nf6e4
11.Bf4g3 Ne4xg3
12.hxg3 Bb4e7
13.Ra1c1 f6
14.Ne5d3 Bf5g4
15.c5 Qb6xb3
16.axb3 Nb8d7
17.b4 Rf8c8
18.Bf1e2 b6
19.Nd3f4 e5
20.dxe5 fxe5
21.Nf4h3 e4
22.Nf3d4 Bg4xe2
23.Kxe2 bxc5
24.Nd4f5 Be7f6
25.bxc5 g6
26.Nf5d4 Ra8b8
27.Rc1c2 Rb8b5
28.Nh3f4 Rb5xc5
29.Rc2xc5 Nd7xc5
30.Nd4e6 Nc5xe6
31.Nf4xe6 Bf6xb2
32.Rh1b1 Bb2c3
33.Rb1b7 a5
34.Rb7b3 Bc3b4
35.Ne6d4 c5
36.Nd4b5 c4
37.Rb3b1 Rc8c5
38.Nb5d6 Kg7
39.Nd6b7 Rc5c7
40.Nb7d8 Kf6
{ abandon }0-1

[Event "Transval"]
[Site "www.echecsemail.com"]
[Date "2026.02.01"]
[Round "1"]
[White "Karting"]
[Black "Legrillon"]
[WhiteElo "1590"]
[BlackElo "1700"]
[Result "0-1"]
1.e4 e5
2.Bf1c4 Ng8f6
3.d3 h6
4.Ng1f3 d6
5.a3 c6
6.Bc4a2 Bc8g4
7.Bc1e3 c5
8.h3 Bg4xf3
9.Qd1xf3 Bf8e7
10.Nb1c3 O-O
11.Nc3d5 Nb8d7
12.Nd5xf6 Nd7xf6
13.O-O b6
14.Qf3e2 Qd8c7
15.Ra1c1 a5
16.Rc1b1 Nf6h7
17.a4 Be7g5
18.Ba2d5 Ra8b8
19.b3 Bg5xe3
20.fxe3 Nh7f6
21.Qe2f2 Rb8e8
22.Qf2f3 Nf6xd5
23.exd5 f5
24.c4 e4
25.Qf3e2 Qc7e7
26.Qe2h5 exd3
27.Rf1e1 Qe7e4
28.Rb1d1 Kh7
29.Qh5f3 Qe4xf3
30.gxf3 f4
31.e4 Re8e5
32.Rd1xd3 Rf8f6
33.Kh2 Rf6g6
34.Rd3d2 Re5g5
35.Re1f1 Rg5g3
36.Rd2e2 Rg6g5
37.Re2f2 Rg5h5
38.Kh1 Rg3xh3
39.Kg1 Rh3h1
40.Kg2 Rh5h2
0-1

[Event "Coupe Niveau 4"]
[Site "www.echecsemail.com"]
[Date "2026.02.01"]
[Round "1"]
[White "Alain64"]
[Black "Panchoa"]
[WhiteElo "2070"]
[BlackElo "1620"]
[Result "1-0"]
1.f4 d6
2.Ng1f3 Nb8c6
3.e3 Bc8g4
4.Bf1b5 Qd8d7
5.d4 d5
6.O-O Ng8f6
7.Nb1d2 e6
8.h3 Bg4xf3
9.Nd2xf3 Bf8e7
10.Nf3e5 Qd7c8
11.Ne5xc6 bxc6
12.Bb5xc6 Nf6d7
13.Bc6xa8 Qc8xa8
14.b3 O-O
15.c4 Qa8b7
16.Qd1c2 Nd7f6
17.Bc1b2 Nf6e4
18.cxd5 exd5
19.Rf1c1 Be7d6
20.a3 c5
21.Bb2c3 Rf8c8
22.Qc2b2 h6
23.b4 Qb7b5
24.dxc5 Bd6e7
25.Bc3xg7 f6
26.Bg7xh6 Kh7
27.Qb2d4 Kxh6
28.Qd4xd5 f5
29.Qd5xf5 Ne4g3
30.Qf5xc8 { abandon }1-0